Thermodynamics demystified (Record no. 77791)

MARC details
000 -LEADER
fixed length control field 00551nam a2200205Ia 4500
008 - FIXED-LENGTH DATA ELEMENTS--GENERAL INFORMATION
fixed length control field 191130s2009##################000#0#eng##
020 ## - INTERNATIONAL STANDARD BOOK NUMBER
ISBN 9780071605991
082 ## - DEWEY DECIMAL CLASSIFICATION NUMBER
Classification number 536.7 POT
100 ## - MAIN ENTRY--AUTHOR NAME
Personal name Potter, Merle C
245 ## - TITLE STATEMENT
Title Thermodynamics demystified
Statement of responsibility, etc Merle C. Potter
260 ## - PUBLICATION, DISTRIBUTION, ETC. (IMPRINT)
Place of publication New York
Name of publisher McGraw-Hill
Year of publication c2009
300 ## - PHYSICAL DESCRIPTION
Number of Pages x, 338 p. : ill. ; 24 cm
500 ## - GENERAL NOTE
General note Includes index
650 ## - SUBJECT ADDED ENTRY--TOPICAL TERM
Topical Term Thermodynamics
991 ## -
-- 278630
Holdings
Withdrawn status Lost status Damaged status Not for loan Home library Current library Shelving location Date acquired Full call number Accession Number Price effective from Koha item type
        Anna Centenary Library Anna Centenary Library 5TH FLOOR, A WING 09.10.2020 536.7 POT 256078 09.10.2020 English Books

Find us on the map